Statistiques concernant Paroisse d'Andorre

Cliquez ici pour prendre le quiz!

Statistiques générales

  • Ce quiz a été pris 32 fois
  • Le résultat moyen est 3 sur 7

Statistiques - réponses

Paroisse% Correct
Andorre-la-Vieille
88%
Encamp
53%
La Massana
41%
Ordino
35%
Sant Julià de Lòria
29%
Canillo
24%
Escaldes-Engordany
24%

Distribution des résultats

Percentile par nombre de réponses

% des personnes avec chaque résultat

Votre développement - résultats

Vous n’avez pas pris ce quiz